LIBRARY & INFORMATION CENTRE, KCAET, TAVANUR

ONLINE PUBLIC ACCESS CATALOGUE (OPAC)

Text book of railway engineering / (Record no. 10738)

MARC details
000 -LEADER
fixed length control field 00402cam a2200157ua 4500
041 ## - LANGUAGE CODE
Language code of text/sound track or separate title eng
082 ## - DEWEY DECIMAL CLASSIFICATION NUMBER
Classification number 625.1
Item number DES/TE
100 ## - MAIN ENTRY--AUTHOR NAME
Personal name Deshpande, R S .
245 ## - TITLE STATEMENT
Title Text book of railway engineering /
260 ## - PUBLICATION, DISTRIBUTION, ETC. (IMPRINT)
Place of publication Poona :
Name of publisher United Book Corporation ,
Year of publication 1962.
300 ## - PHYSICAL DESCRIPTION
Number of Pages 304 ; .
942 ## - ADDED ENTRY ELEMENTS (KOHA)
Koha item type Books
Holdings
Withdrawn status Lost status Damaged status Home library Current library Date acquired Full call number Accession Number Koha item type
      KAUAET KAUAET 07/04/2012 625.1 DES/TE 3028 Books
      KAUAET KAUAET 07/04/2012 625.1 DES/TE 3029 Books
free website counter